Slovácký krúžek v Brně : 85 let /

Hlavní autor: Štěpánek, Václav, 1959-
Jazyk: Čeština
Vydáno: [Brno] : Slovácký krúžek, [1994]
Témata:
Fyzický popis: 44 s. ; 21 cm
Knihy
Uloženo v:
LEADER 01031nam a2200313 a 4500
001 000010890
003 CZ BrMZK
005 20170112144635.0
008 010907s1994 xr f cze d
015 |a cnb000086690 
020 |q (Brož.) 
035 |a (OCoLC)39597146 
040 |a ABA001  |b cze 
043 |a e-cz-ms 
045 |a x0x9 
080 |a 061.2 
080 |a 398 
100 1 |a Štěpánek, Václav,  |d 1959-  |7 ola2003206209  |4 aut 
245 1 0 |a Slovácký krúžek v Brně :  |b 85 let /  |c Sest. Václav Štěpánek 
260 |a [Brno] :  |b Slovácký krúžek,  |c [1994]  |e (Brno :  |f Tiskárna Dušana Skály) 
300 |a 44 s. ;  |c 21 cm 
610 2 7 |a Slovácký krúžek v Brně  |7 kn20040301008  |2 czenas 
651 7 |a Slovácko (Česko)  |7 ge130858  |2 czenas 
655 7 |a jubilejní publikace  |7 fd131839  |2 czenas 
655 7 |a sborníky  |7 fd163935  |2 czenas 
910 |a BOA001  |b X-0998.699 
990 |a BK 
991 |b 201701 
996 6 |b 2610008348  |c X-0998.699  |l MZK  |r Sklad / do 24 hodin  |n 6  |p dar  |w 000010890  |u 000010  |a 1  |e BOA001  |j MZK50  |s P